Catholic University of Zimbabwe Library
Online Public Access Catalogue
(OPAC)

Organic chemistry (Record no. 10470)

MARC details
000 -LEADER
fixed length control field 00336 a2200121 4500
020 ## - INTERNATIONAL STANDARD BOOK NUMBER
International Standard Book Number 0205117805
005 - DATE AND TIME OF LATEST TRANSACTION
control field 20191017173607.0
084 ## - OTHER CLASSIFICATION NUMBER
Classification number NONE
100 ## - MAIN ENTRY--PERSONAL NAME
Personal name Phillip S Bailey
100 ## - MAIN ENTRY--PERSONAL NAME
Personal name Christina A Bailey
245 ## - TITLE STATEMENT
Title Organic chemistry
Remainder of title : Abrief survey of concepts and applications
Medium Text
260 ## - PUBLICATION, DISTRIBUTION, ETC.
Name of publisher, distributor, etc. Library o congress
Date of publication, distribution, etc. 1989
650 ## - SUBJECT ADDED ENTRY--TOPICAL TERM
Topical term or geographic name entry element Organic chemistry

No items available.

OPENING HOURS

Weekdays: 0815hrs - 1800hrs
Weekends:0900hrs - 1200hrs

Closed for Mass:

Mon, Thur: 1200hrs - 1300hrs
Sunday & Public Holiday’s

CALL SUPPORT

0242-570570, 0242-570169
09200664, +263 8644140602

LOCATION

18443, Cranborne Avenue, Hatfield, Harare

Other Links


©2021 | CUZ Library